El orden económico internacional y el Brasil (Registro nro. 24444)

Detalles MARC
000 -LEADER
fixed length control field 00377 a2200121 4500
001 - CONTROL NUMBER
control field ART_8829
005 - DATE AND TIME OF LATEST TRANSACTION
control field 20260410161845.0
008 - FIXED-LENGTH DATA ELEMENTS--GENERAL INFORMATION
fixed length control field 260409a
100 1# - MAIN ENTRY--PERSONAL NAME
Personal name Furtado, Celso
245 10 - TITLE STATEMENT
Title El orden económico internacional y el Brasil
700 1# - ADDED ENTRY--PERSONAL NAME
Personal name Mastrangelo, Stella
773 0# - HOST ITEM ENTRY
Title El trimestre económico
Related parts - Vol. XLVIII, Nº 191 (jul./set. 1981)
Record control number REV6933

No hay ítems disponibles.